Movies Quiz

Random Movies or Director Quiz

Movie Directors Alphabet Quiz Stats

 Plays Quiz Updated Jul 6, 2018

Also try: 5-Star Directors
Challenge
Share
Tweet
Embed
Score 0/26 Timer 05:00
0 Plays Today
Director Movie % Correct
(M) Christopher NolanMemento
73.5%
(K) Peter JacksonKing Kong
72%
(J) Quentin TarantinoJackie Brown
71.1%
(L) Sofia CoppolaLost in Translation
70.9%
(P) Oliver StonePlatoon
69.5%
(N) The Coen BrothersNo Country for Old Men
66.3%
(Y) Mel BrooksYoung Frankenstein
61.7%
(D) Kevin SmithDogma
61.3%
(A) Pedro AlmodóvarAll About My Mother
59.7%
(U) M. Night ShyamalanUnbreakable
59.7%
(E) Stanley KubrickEyes Wide Shut
59.6%
(R) Martin ScorseseRaging Bull
55.9%
(G) Ben AffleckGone Baby Gone
55.4%
Director Movie % Correct
(B) Darren AronofskyBlack Swan
52.9%
(Z) David FincherZodiac
52.3%
(H) Michael MannHeat
50.5%
(W) Zack SnyderWatchmen
45.6%
(T) Paul Thomas AndersonThere Will Be Blood
42%
(I) Roland EmmerichIndependence Day
39.7%
(O) Milos FormanOne Flew Over the Cuckoo's Nest
38.7%
(X) Matthew VaughnX-Men: First Class
38.4%
(F) John HughesFerris Bueller's Day Off
37.8%
(S) Alexander PayneSideways
36.5%
(V) David CronenbergVideodrome
27.7%
(C) Clint EastwoodChangeling
17%
(Q) Philip KaufmanQuills
16.9%

You're not logged in!

Compare scores with friends on all Sporcle quizzes.
Join for Free
OR
Log In

You Might Also Like...

Show Comments

Extras

Top Quizzes Today


Score Distribution

Your Account Isn't Verified!

In order to create a playlist on Sporcle, you need to verify the email address you used during registration. Go to your Sporcle Settings to finish the process.

Report this User

Report this user for behavior that violates our Community Guidelines.

Details: